| 000 | 01220nam a2200313 a 4500 | ||
|---|---|---|---|
| 001 | ebr10218242 | ||
| 003 | CaPaEBR | ||
| 006 | m u | ||
| 007 | cr cn||||||||| | ||
| 008 | 060202s2006 cau sb 001 0 eng | ||
| 010 | _z 2006921647 | ||
| 020 | _z1412924006 | ||
| 020 | _z1412924014 | ||
| 040 |
_aCaPaEBR _cCaPaEBR |
||
| 035 | _a(OCoLC)290534947 | ||
| 050 | 1 | 4 |
_aLB1620.4 _b.L55 2006eb |
| 100 | 1 | _aLines, Dennis. | |
| 245 | 1 | 0 |
_aBrief counselling in schools _h[electronic resource] : _bworking with young people from 11 to 18 / _cDennis Lines. |
| 250 | _a2nd ed. | ||
| 260 |
_aThousand Oaks, CA : _bSage Publications, _c2006. |
||
| 300 | _a217 p. | ||
| 504 | _aIncludes bibliographical references (p. [201]-213) and index. | ||
| 533 |
_aElectronic reproduction. _bPalo Alto, Calif. : _cebrary, _d2013. _nAvailable via World Wide Web. _nAccess may be limited to ebrary affiliated libraries. |
||
| 650 | 0 | _aCounseling in secondary education. | |
| 650 | 0 | _aBrief psychotherapy for teenagers. | |
| 655 | 7 |
_aElectronic books. _2local |
|
| 710 | 2 | _aebrary, Inc. | |
| 856 | 4 | 0 |
_uhttp://site.ebrary.com/lib/rucke/Doc?id=10218242 _zAn electronic book accessible through the World Wide Web; click to view |
| 999 |
_c129978 _d129978 |
||